Ghosthunters and the totally moldy baroness! / (Record no. 34121)
[ view plain ]
| 000 -LEADER | |
|---|---|
| fixed length control field | 01841cam a22004453a 4500 |
| 001 - CONTROL NUMBER | |
| control field | 14847212 |
| 003 - CONTROL NUMBER IDENTIFIER | |
| control field | OSt |
| 005 - DATE AND TIME OF LATEST TRANSACTION | |
| control field | 20140410083737.0 |
| 008 - FIXED-LENGTH DATA ELEMENTS--GENERAL INFORMATION | |
| fixed length control field | 070511s2007 enka c 000 f eng d |
| 010 ## - LIBRARY OF CONGRESS CONTROL NUMBER | |
| LC control number | 2007274695 |
| 020 ## - INTERNATIONAL STANDARD BOOK NUMBER | |
| International Standard Book Number | 0439862671 (hardcover) |
| 020 ## - INTERNATIONAL STANDARD BOOK NUMBER | |
| International Standard Book Number | 9780439862677(hardcover) |
| 035 ## - SYSTEM CONTROL NUMBER | |
| System control number | (OCoLC)ocm76905358 |
| 037 ## - SOURCE OF ACQUISITION | |
| Source of stock number/acquisition | Junior Library Guild |
| Note | http://www.juniorlibraryguild.com |
| 040 ## - CATALOGING SOURCE | |
| Original cataloging agency | BKX |
| Transcribing agency | BKX |
| Modifying agency | BAKER |
| -- | TEF |
| -- | DLC |
| 041 1# - LANGUAGE CODE | |
| Language code of text/sound track or separate title | eng |
| Language code of original and/or intermediate translations of text | ger |
| 050 00 - LIBRARY OF CONGRESS CALL NUMBER | |
| Classification number | PZ 7 |
| Item number | .F982 2007 |
| 100 1# - MAIN ENTRY--PERSONAL NAME | |
| Personal name | Funke, Cornelia Caroline. |
| 9 (RLIN) | 17287 |
| 240 10 - UNIFORM TITLE | |
| Uniform title | <a href="Gespensterjäger in der Guselburg.">Gespensterjäger in der Guselburg.</a> |
| Language of a work | English |
| 245 10 - TITLE STATEMENT | |
| Title | Ghosthunters and the totally moldy baroness! / |
| Statement of responsibility, etc | by Cornelia Funke ; [English translation by Helena Ragg-Kirkby]. |
| 250 ## - EDITION STATEMENT | |
| Edition statement | 1st American ed. |
| 260 ## - PUBLICATION, DISTRIBUTION, ETC. (IMPRINT) | |
| Place of publication, distribution, etc | [Frome, Somerset, England] : |
| Name of publisher, distributor, etc | Chicken House ; |
| Place of publication, distribution, etc | New York : |
| Name of publisher, distributor, etc | Scholastic, |
| Date of publication, distribution, etc | 2007. |
| 300 ## - PHYSICAL DESCRIPTION | |
| Extent | 135 p. : |
| Other physical details | ill. ; |
| Dimensions | 20 cm. |
| 500 ## - GENERAL NOTE | |
| General note | First published in German as: Gespensterjäger in der Guselburg. Germany : Loewe Verlag, c1995. |
| 520 ## - SUMMARY, ETC. | |
| Summary, etc | Mrs. Worm and Gloomsburg castle are taken over by ghosts. |
| 521 ## - TARGET AUDIENCE NOTE | |
| Target audience note | |
| 526 0# - STUDY PROGRAM INFORMATION NOTE | |
| Program name | Accelerated Reader/Renaissance Learning |
| Interest level | LG |
| Reading level | 810 |
| Title point value | 2 |
| 562 ## - COPY AND VERSION IDENTIFICATION NOTE | |
| Number of copies | For Circulation. 1 copy available in the collection |
| 586 8# - AWARDS NOTE | |
| Awards note | A Junior Library Guild selection |
| 650 #0 - SUBJECT ADDED ENTRY--TOPICAL TERM | |
| Topical term or geographic name as entry element | Ghost stories. |
| 9 (RLIN) | 4370 |
| 650 #0 - SUBJECT ADDED ENTRY--TOPICAL TERM | |
| Topical term or geographic name as entry element | Castles |
| Form subdivision | Juvenile fiction. |
| 9 (RLIN) | 26219 |
| 650 #1 - SUBJECT ADDED ENTRY--TOPICAL TERM | |
| Topical term or geographic name as entry element | Ghosts |
| Form subdivision | Fiction. |
| 9 (RLIN) | 26220 |
| 650 #1 - SUBJECT ADDED ENTRY--TOPICAL TERM | |
| Topical term or geographic name as entry element | Castles |
| Form subdivision | Fiction. |
| 9 (RLIN) | 26221 |
| 655 #7 - INDEX TERM--GENRE/FORM | |
| Genre/form data or focus term | Ghost stories. |
| Source of term | gsafd |
| 9 (RLIN) | 4248 |
| 906 ## - LOCAL DATA ELEMENT F, LDF (RLIN) | |
| a | 7 |
| b | cbc |
| c | copycat |
| d | 2 |
| e | ncip |
| f | 20 |
| g | y-gencatlg |
| 942 ## - ADDED ENTRY ELEMENTS (KOHA) | |
| Source of classification or shelving scheme | Library of Congress Classification |
| Koha item type | Books |
| Withdrawn status | Lost status | Source of classification or shelving scheme | Damaged status | Home library | Current library | Shelving location | Date acquired | Total Checkouts | Full call number | Barcode | Date last seen | Copy number | Price effective from | Koha item type |
|---|---|---|---|---|---|---|---|---|---|---|---|---|---|---|
| Library of Congress Classification | Luxembourg Library | Luxembourg Library | Scholastic Reading Center Section | 10/08/2013 | PZ 7 .F982 2007 | LEX1891 | 04/18/2017 | 1 | 10/08/2013 | Books | ||||
| Library of Congress Classification | Luxembourg Library | Luxembourg Library | Scholastic Reading Center Section | 10/08/2013 | PZ 7 .F982 2007 | LEX1890 | 04/18/2017 | 10/08/2013 | Books |